Volume title (Record no. 102723)

MARC details
000 -LEADER
fixed length control field 00381nam a2200145Ia 4500
008 - FIXED-LENGTH DATA ELEMENTS--GENERAL INFORMATION
fixed length control field 211118s9999||||xx |||||||||||||| ||und||
082 ## - DEWEY DECIMAL CLASSIFICATION NUMBER
Classification number 70.05
Item number HIN-V
100 ## - MAIN ENTRY--PERSONAL NAME
Personal name Hindu
245 #0 - TITLE STATEMENT
Title Volume title
260 ## - PUBLICATION, DISTRIBUTION, ETC.
Name of publisher, distributor, etc. Hindu
Place of publication, distribution, etc. Delhi
Date of publication, distribution, etc. 2003
300 ## - PHYSICAL DESCRIPTION
Extent 25p.
630 ## - SUBJECT ADDED ENTRY--UNIFORM TITLE
General subdivision Bound MagazinesReference Reading Room
650 ## - SUBJECT ADDED ENTRY--TOPICAL TERM
Topical term or geographic name entry element Serial Publications
942 ## - ADDED ENTRY ELEMENTS (KOHA)
Koha item type BOOK
650 ## - SUBJECT ADDED ENTRY--TOPICAL TERM
Form subdivision bound VolumesGeneralia
Holdings
Withdrawn status Lost status Damaged status Not for loan Home library Current library Date acquired Cost, normal purchase price Total Checkouts Full call number Barcode Shelving location Date last seen Price effective from Koha item type
        SB LIBRARY SB LIBRARY 18/11/2021 15.00   70.05 HIN-V 00108745 REFERENCE READING ROOM 18/11/2021 18/11/2021 BOOK

Powered by Koha